000 00534nam a2200217 a 4500
001 0001-2255
003 ELIB.Books
008 190809 2010 eng
020 _a034062589X
092 _aB
_bMoh
100 _aMohabir, Philip
245 _aBuilding Bridges
260 _aLondon
_bHodger and Stoughton
_c1988
300 _a208
_c18 Cm
650 _aBiography
856 _nKBTS Library
_uKBTS Elib
942 _2ddc
_cBK
990 _a1
998 _aEnglishbooks.elf
_ccat
_e2019-08-09
999 _c12255
_d12255